01570nam a2200361 a 4500001001000000003000500010005001700015008004100032010001100073011001100084040000900095090001000104100004100114245017600155260004100331500006000372502007700432590004100509590004000550590004000590590004000630590004000670650003800710650004300748650002900791856007000820901000700890942001000897942000600907999001900913952014000932952013601072000112483CHAP20220329144308.0160420s2016 mx a fsm |||||||spa d a108944 a109916 cCHAP aTesis1 aFlores Amaya, Miguel Ángel913080710aImplementación del sistema de reducción de riesgos de contaminación en la unidad de producción El Tunal, Horticola/h[En línea]cpor Miguel Ángel Flores Amaya. aChapingo, Méx. :bEl autor,c2016. aPara ver el contenido del material haga clic en la liga aTesis (Ing. Agr. Esp. en Fitotecnia) -- UACH. Departamento de Fitotecnia aE11695DGDb10c20160427lUCH01h1049 aE6096MTMb05c20160420lUCH01h1012 aE6096MTMb05c20160420lUCH01h1016 aE6096MTMb05c20160420lUCH01h1424 aE6096MTMb05c20160420lUCH01h142514aCultivosxContaminación.93024414aProductos agrícolasxCalidad.99192214aSanidad vegetal.9102224 aFinding aiduhttp://10.13.5.2/tesis/sist112483.pdfzTeclea aquí aBK cTESIS n0 c108944d108944 00102local4053708TESISaBCbBCcPA_TESISd2016-04-20fTESISl0oTesisp33724002521819r2019-12-31 00:00:00tc.2w2019-12-31yTESIS 00104054718TESISaBCbBCd2016-04-20fTESISl0oTesisp33724002521850r2019-12-31 00:00:00w2019-12-31yTESISzRecien adquirido